000 00692nam a22002057a 4500
008 081020t xxu||||| |||| 00| 0 eng d
010 _aENG-84047
020 _a8131301087
020 _c695.00 (hb)
035 _aEN-67580
082 _a379.209 / MIS
100 _aMishra, R C
245 _aHistory of education administration /
_cby R C Mishra
260 _aNew Delhi
_bA P H Publishing
260 _c2007
300 _axviii, 319p
_c22cm
500 _aIncludes index
942 _2ddc
_cEN
_h379.209
_m MIS
999 _c17014
_d17014